| 000 | 01050nas a2200229 a 4500 | ||
|---|---|---|---|
| 005 | 20170522104940.0 | ||
| 008 | 890522c19969999ck br p r 0 0a0spa d | ||
| 040 |
_ahm _chm |
||
| 041 | 0 | _aspa | |
| 044 | _ack | ||
| 090 | _aSE | ||
| 245 | 0 | 0 |
_aBoletín RIFTA : _bRed de información técnica sobre forestería y agroforestería para apoyo a la extensión y la investigación / _cCorporación Nacional de Investigación y Fomento Forestal - CONIF |
| 260 |
_aSanta Fe de Bogotá (Colombia) : _bCorporación Nacional de Investigación y Fomento Forestal - CONIF, _c1996-. |
||
| 300 |
_bilustraciones ; _c28 x 22 cm. |
||
| 650 | 2 | 4 |
_aIngeniería forestal _vPublicaciones periódicas |
| 650 | 2 | 6 |
_aForestación _vPublicaciones periódicas |
| 650 | 2 | 6 |
_aBosques _vPublicaciones periódicas |
| 650 | 2 | 6 |
_aRecursos forestales _vPublicaciones periódicas |
| 651 | 6 |
_aColombia _vPublicaciones periódicas |
|
| 710 | 2 | _aCorporación Nacional de Investigación y Fomento Forestal (CONIF) | |
| 942 |
_2z _cLIBRO _s1 |
||
| 999 |
_c16761 _d16761 |
||